000
00302nam a22001217a 4500
041
_a
ENG
100
_a
Nakayama.F.S
245
_a
Trickle Irrigation for Crop Production ,Design,Operation and Management
260
_a
Delhi
_b
ICER
_c
1996
650
_a
IDE
700
_a
Bucks.D.A
856
_u
IDE ( 18 )
999
_c
1516
_d
1516